[Event "Kings Island op"]
[Site "Mason"]
[Date "1999.11.12"]
[Round "1"]
[White "Langreck, John"]
[Black "Servinsky, Mark"]
[Result "1-0"]
[WhiteElo "2239"]
[BlackElo "1652"]
[PlyCount "45"]
[EventDate "1997.11.17"]
[EventType "swiss"]
[EventRounds "5"]
[EventCountry "USA"]
[SourceTitle "EXT 2006"]
[Source "ChessBase"]
[SourceDate "2005.11.24"]
[SourceVersion "1"]
[SourceVersionDate "2005.11.24"]
[SourceQuality "1"]

1. e4 c5 2. Nf3 d6 3. d4 cxd4 4. Nxd4 Nf6 5. Nc3 a6 6. Bg5 e6 7. f4 b5 8. e5 dxe5 9. fxe5 Qc7 10. Qe2 Nfd7 11. 0-0-0 Nc6 12. Nxc6 Qxc6 13. Ne4 Be7 14. Bxe7 Kxe7 15. Qg4 Kf8 16. Be2 Qc7 17. Nd6 Nxe5 18. Qe4 Nc6 19. Nxf7 Kxf7 20. Rhf1+ Kg8 21. Qxc6 Qe7 22. Qxa8 Qe8 23. Qc6 1-0